000 01003nam a22003137a 4500
003 CHAP
005 20220329135114.0
008 971013s1974 ag r 00010 spa d
010 _a30998
011 _a31970
035 _a36082
040 _cCHAP
082 0 4 _a027.82
_bL5
100 0 0 _aLitton, Gastón.
_967177
245 1 _aBibliotecas escolares
260 _aBuenos Aires :
_bBowker,
_c1974
300 _a207 p.
490 _aBreviarios del bibliotecario. 2a. serie
_v; 16
590 _aBATCH-UPD
_b10
_c20130110
_lUCH01
_h2229
590 _aBATCH-UPD
_b10
_c20130410
_lUCH01
_h1525
590 _aBATCH-UPD
_b10
_c20130914
_lUCH01
_h2121
590 _aCONVERSION
_b10
_c20130109
_lUCH01
_h1318
650 1 4 _aBibliotecas escolares.
_912548
830 0 _aBreviarios del bibliotecario. 2a. serie
_v; 16
_915276
901 _aBK
942 _cLIBRO
949 _a027.82 L5
_bBC
_cB
_d33724000303905
_eB
_fc.2
_h32771
_i36082
_mD AID
_sb
949 _a027.82 L5
_bBC
_cLIBRO
_d-83207
_eLIBRO
_h32770
_i36082
_mD AID
_si
999 _c30998
_d30998